| 000 -LEADER |
| fixed length control field |
01022cam a2200289 i 4500 |
| 001 - CONTROL NUMBER |
| control field |
18456321 |
| 005 - DATE AND TIME OF LATEST TRANSACTION |
| control field |
20221107115409.0 |
| 008 - FIXED-LENGTH DATA ELEMENTS--GENERAL INFORMATION |
| fixed length control field |
150113t20152015paua b 001 0 eng |
| 010 ## - LIBRARY OF CONGRESS CONTROL NUMBER |
| LC control number |
2015001521 |
| 020 ## - INTERNATIONAL STANDARD BOOK NUMBER |
| International Standard Book Number |
9781496386441 X |
| 041 ## - LANGUAGE CODE |
| Language code of text/sound track or separate title |
geo |
| 042 ## - AUTHENTICATION CODE |
| Authentication code |
pcc |
| 080 ## - UNIVERSAL DECIMAL CLASSIFICATION NUMBER |
| Universal Decimal Classification number |
618.1 H-22 |
| 082 00 - DEWEY DECIMAL CLASSIFICATION NUMBER |
| Classification number |
618.1/45 |
| Edition number |
23 |
| 100 ## - MAIN ENTRY--PERSONAL NAME |
| Personal name |
Handa, Victoria L. |
| 9 (RLIN) |
9050 |
| 245 00 - TITLE STATEMENT |
| Title |
Te Linde's operative gynecology. |
| Statement of responsibility, etc. |
Victoria L. Handa. |
| 250 ## - EDITION STATEMENT |
| Edition statement |
Twelfth edition |
| Remainder of edition statement |
|
| 264 #4 - PRODUCTION, PUBLICATION, DISTRIBUTION, MANUFACTURE, AND COPYRIGHT NOTICE |
| Name of producer, publisher, distributor, manufacturer |
2020. |
| Place of production, publication, distribution, manufacture |
Philadelphia, |
| 300 ## - PHYSICAL DESCRIPTION |
| Extent |
793 pages : |
| Other physical details |
illustratrions ; |
| Dimensions |
29 cm. |
| 653 ## - INDEX TERM--UNCONTROLLED |
| keyword |
მედიცინა |
| 653 ## - INDEX TERM--UNCONTROLLED |
| keyword |
გინეკოლოგია |
| 653 ## - INDEX TERM--UNCONTROLLED |
| keyword |
გინეკოლოგიური ქირურგიული პროცედურები |
| 653 ## - INDEX TERM--UNCONTROLLED |
| keyword |
Гинекологические хирургические процедуры |
| 700 1# - ADDED ENTRY--PERSONAL NAME |
| Personal name |
Handa, Victoria L. |
| Dates associated with a name |
|
| Relator term |
რედაქტორი |
| 9 (RLIN) |
9052 |
| 700 1# - ADDED ENTRY--PERSONAL NAME |
| Personal name |
Van Le, linda |
| Relator term |
რედაქტორი |
| 9 (RLIN) |
9053 |
| 942 ## - ADDED ENTRY ELEMENTS (KOHA) |
| Source of classification or shelving scheme |
|
| Koha item type |
წიგნი |